Moedas antes do Euro - Statistics

Estatísticas Gerais
  • Esse quiz foi jogado 126 vezes
  • A pontuação média é 11 de 19
Estatísticas das Respostas
Pais Moeda % Correto
Bélgica Franco Belga
89%
França Franco Francês
89%
Luxemburgo Franco Luxemurguês
89%
Portugal Escudo
80%
Itália Lira Italiana
76%
Malta Lira Maltesa
76%
Alemanha Marco Alemão
76%
Finlândia Marco Finlandês
75%
Espanha Peseta
66%
Chipre Libra Chipriota
64%
Irlanda Libra Irlandesa
64%
Eslováquia Coroa Eslovaca
52%
Estónia Coroa Estoniana
52%
Grécia Dracma
47%
Holanda Florim Holandês
41%
Áustria Xelim Austriaco
22%
Lituânia Lita
10%
Letónia Lats
8%
Eslovénia Tólar Esloveno
8%
Nenhum quiz correspondente encontrado
Distribuição das Pontuações
Porcentagem de Pessoas com Cada Pontuação
Percentil de Números Respondidos
Sua Pontuação Histórica
Você não jogou esse quiz